000
00306nam a22001217a 4500
999
_c
15293
_d
15293
020
_a
81-239-0401-0
082
_a
621.9
_b
CHA/WO
100
_a
Chapman, W. A. J
_9
2566
245
_a
Workshop technology: Part 1 An introductory course
250
_a
5
260
_a
New Delhi
_b
CBS Publishers
_c
2001
942
_c
BK